Voces / (Record no. 39334)

MARC details
000 -LEADER
campo de control de longitud fija 00438nam a2200157 i 4500
001 - NÚMERO DE CONTROL
campo de control 39334
003 - IDENTIFICADOR DE NÚMERO DE CONTROL
campo de control ES-MaACL
005 - FECHA Y HORA DE LA ÚLTIMA TRANSACCIÓN
campo de control 20230906155941.0
007 - CAMPO FIJO DE DESCRIPCIÓN FÍSICA--INFORMACIÓN GENERAL
campo de control de longitud fija t|
008 - DATOS DE LONGITUD FIJA--INFORMACIÓN GENERAL
campo de control de longitud fija 030227s1969 sp ||||1| spa d
100 1# - ENTRADA PRINCIPAL--NOMBRE DE PERSONA
Nombre de persona Camus, Matilde.
9 (RLIN) 34363
245 10 - MENCIÓN DEL TÍTULO
Título Voces /
Mención de responsabilidad, etc. Matilde Camus.
260 ## - PUBLICACIÓN, DISTRIBUCIÓN, ETC.
Lugar de publicación, distribución, etc. Santander :
Nombre del editor, distribuidor, etc. [Matilde Camus],
Fecha de publicación, distribución, etc. 1969 (
Fabricante Casa cuevas)
300 ## - DESCRIPCIÓN FÍSICA
Extensión 62 p., 1 lám. retr. aut. ;
Dimensiones 21 cm.
852 ## - LOCALIZACIÓN
Ubicación ES-MaACL
Número de control de estantería C-36076
Sublocalización o colección R.69469
Holdings
Estatus retirado Estado de pérdida Estado de daño No para préstamo Biblioteca de origen Biblioteca actual Ubicación en estantería Fecha de adquisición Fuente de adquisición Total de préstamos Signatura topográfica completa Código de barras Visto por última vez Precio de reemplazo Tipo de ítem Koha
        Biblioteca del Ateneo de Madrid Biblioteca del Ateneo de Madrid Depósito 2 17/01/2008     C-36076 1041422 23/02/2023 23/02/2023 Libro impreso